MARC details
| 000 -LEADER |
| fixed length control field |
03101cam a2200505 i 4500 |
| 001 - CONTROL NUMBER |
| control field |
GVRL51OK |
| 003 - CONTROL NUMBER IDENTIFIER |
| control field |
MiFhGG |
| 005 - DATE AND TIME OF LATEST TRANSACTION |
| control field |
20250820004435.0 |
| 006 - FIXED-LENGTH DATA ELEMENTS--ADDITIONAL MATERIAL CHARACTERISTICS |
| fixed length control field |
m o d |
| 007 - PHYSICAL DESCRIPTION FIXED FIELD--GENERAL INFORMATION |
| fixed length control field |
cr un ---uuuua |
| 008 - FIXED-LENGTH DATA ELEMENTS--GENERAL INFORMATION |
| fixed length control field |
210313t20222022paua ob 001 0 eng d |
| 020 ## - INTERNATIONAL STANDARD BOOK NUMBER |
| International Standard Book Number |
9781799838456 |
| Qualifying information |
(electronic book) |
| 020 ## - INTERNATIONAL STANDARD BOOK NUMBER |
| Canceled/invalid ISBN |
9781799838449 |
| Qualifying information |
(hardcover) |
| 020 ## - INTERNATIONAL STANDARD BOOK NUMBER |
| Canceled/invalid ISBN |
9781799881407 |
| Qualifying information |
(paperback) |
| 035 ## - SYSTEM CONTROL NUMBER |
| System control number |
(OCoLC)1243907609 |
| 040 ## - CATALOGING SOURCE |
| Original cataloging agency |
MiFhGG |
| Language of cataloging |
eng |
| Transcribing agency |
MiFhGG |
| Description conventions |
rda |
| -- |
pn |
| 050 #4 - LIBRARY OF CONGRESS CALL NUMBER |
| Classification number |
PN4731 |
| Item number |
.J65 2022 |
| 100 1# - MAIN ENTRY--PERSONAL NAME |
| Personal name |
Johnson, Phylis, |
| Relator term |
author. |
| 245 10 - TITLE STATEMENT |
| Title |
Redefining journalism in an age of technological advancements, changing demographics, and social issues / |
| Statement of responsibility, etc. |
by Phylis Johnson and Ian Punnett. |
| 264 #1 - PRODUCTION, PUBLICATION, DISTRIBUTION, MANUFACTURE, AND COPYRIGHT NOTICE |
| Place of production, publication, distribution, manufacture |
Hershey, Pennsylvania : |
| Name of producer, publisher, distributor, manufacturer |
Information Science Reference, |
| Date of production, publication, distribution, manufacture, or copyright notice |
[2022] |
| 264 #4 - PRODUCTION, PUBLICATION, DISTRIBUTION, MANUFACTURE, AND COPYRIGHT NOTICE |
| Date of production, publication, distribution, manufacture, or copyright notice |
©2022 |
| 300 ## - PHYSICAL DESCRIPTION |
| Extent |
1 online resource (xxxii, 284 pages) : |
| Other physical details |
illustrations (some color). |
| 336 ## - CONTENT TYPE |
| Content type term |
text |
| Content type code |
txt |
| Source |
rdacontent |
| 337 ## - MEDIA TYPE |
| Media type term |
computer |
| Media type code |
c |
| Source |
rdamedia |
| 338 ## - CARRIER TYPE |
| Carrier type term |
online resource |
| Carrier type code |
cr |
| Source |
rdacarrier |
| 490 1# - SERIES STATEMENT |
| Series statement |
Premier reference source |
| 490 0# - SERIES STATEMENT |
| Series statement |
Gale eBooks |
| 490 1# - SERIES STATEMENT |
| Series statement |
Advances in media, entertainment, and the arts (AMEA) book series, |
| International Standard Serial Number |
2475-6814 |
| 490 0# - SERIES STATEMENT |
| Series statement |
Gale eBooks |
| 504 ## - BIBLIOGRAPHY, ETC. NOTE |
| Bibliography, etc. note |
Includes bibliographical references and index. |
| 505 0# - FORMATTED CONTENTS NOTE |
| Formatted contents note |
Science fiction author/physicist Ken Wharton, Ph.D. : a speculative view to the future of journalism -- Futurist forum of journalism (a discussion with futurists with Ian Punnett & Phylis Johnson) -- The science fiction of journalism (a look at world of the future confronting journalists, as expressed in popular science fiction books and films) / P. Johnson -- Journalism and media in virtual worlds / P. Johnson -- Future electronic media / P. Johnson -- Future radio / P. Johnson -- Future sports / P. Johnson -- Shoot for the moon : media in outer space / P. Johnson -- Election 2050 / P. Johnson -- Future Africa : journalism in the new world order / P. Johnson -- Conclusion: Future shock-and-roll : getting the job done in future times. |
| 520 ## - SUMMARY, ETC. |
| Summary, etc. |
This book investigates the impact of emerging technologies in journalism and how audiences engage with these technologies and news content in innovative ways. Identity and community are analyzed historically and culturally within the larger body of cultural and media studies. |
| 588 ## - SOURCE OF DESCRIPTION NOTE |
| Source of description note |
Description based on print version record. |
| 650 #0 - SUBJECT ADDED ENTRY--TOPICAL TERM |
| Topical term or geographic name entry element |
Journalism |
| General subdivision |
Forecasting. |
| 650 #0 - SUBJECT ADDED ENTRY--TOPICAL TERM |
| Topical term or geographic name entry element |
Journalism |
| General subdivision |
Technological innovations. |
| 650 #0 - SUBJECT ADDED ENTRY--TOPICAL TERM |
| Topical term or geographic name entry element |
Journalism |
| General subdivision |
Social aspects. |
| 700 1# - ADDED ENTRY--PERSONAL NAME |
| Personal name |
Punnett, Ian, |
| Dates associated with a name |
1960- |
| Relator term |
author. |
| 710 2# - ADDED ENTRY--CORPORATE NAME |
| Corporate name or jurisdiction name as entry element |
Gale (Firm) |
| 776 08 - ADDITIONAL PHYSICAL FORM ENTRY |
| Relationship information |
Print version: |
| Title |
Redefining journalism in an age of technological advancements, changing demographics, and social issues. |
| Place, publisher, and date of publication |
Hershey PA : Information Science Reference, [2022] |
| International Standard Book Number |
9781799838449 |
| Record control number |
(DLC) 2021005803 |
| 830 #0 - SERIES ADDED ENTRY--UNIFORM TITLE |
| Uniform title |
Premier reference source. |
| 830 #0 - SERIES ADDED ENTRY--UNIFORM TITLE |
| Uniform title |
Advances in media, entertainment, and the arts (AMEA) book series. |
| 856 40 - ELECTRONIC LOCATION AND ACCESS |
| Uniform Resource Identifier |
<a href="https://link.gale.com/apps/pub/51OK/GVRL?sid=gale_marc&u=phurs">https://link.gale.com/apps/pub/51OK/GVRL?sid=gale_marc&u=phurs</a> |
| Public note |
Available via Gale eBooks. Click here to access |
| 912 ## - |
| -- |
51OK |
| 942 ## - ADDED ENTRY ELEMENTS (KOHA) |
| Source of classification or shelving scheme |
Library of Congress Classification |
| Koha item type |
E-Book |